00869pam a2200265 a 45000010005000000030008000050050017000130080041000300200031000710350018001020400032001200410008001520820026001601000029001862450066002152500017002812600034002983000021003325000020003535040026003736500025003999420012004249990015004369520152004518129BD-RjUL20211208234528.0830815s1983 nyu b 001 0 eng  a0668058773 (pbk.) :c$3.95 a(BD-RjUL)8174 aDLCcDLCdDLCdBD-RjULbeng aeng00a155.232223bSHO 19831 aShaw, Phyllis M.913847210aOvercoming shyness, meeting people is fun /cPhyllis M. Shaw. a1st Arco ed. aNew York :bArco Pub.,c1983. a104 p. ;c20 cm. aIncludes index. aBibliography: p. 101. 0aBashfulness.9138473 2ddccBK c8129d8129 00102ddc40718NFICaRUCLbRUCLcReadingd2007-08-28eAsia Foundation, Dhakag0.00l0o155.232 SHO 1983r2016-07-24 00:00:00tC-1w2016-07-24yBK